| 000 | 00611nam a2200181Ia 4500 | ||
|---|---|---|---|
| 008 | 090630s9999 xx 000 0 und d | ||
| 082 | _b22890 | ||
| 100 | _aमहाले रमेश. | ||
| 245 |
_aबुद्धमिान सोनू. _cमहाले रमेश. |
||
| 260 |
_bलोकसाहित्य. _c2000 |
||
| 300 | _a40 | ||
| 600 | _aमहाले रमेश. | ||
| 630 | _aबुद्धमिान सोनू. | ||
| 655 | _aबालवाङमय. | ||
| 700 | _aमहाले रमेश. | ||
| 730 | _aबुद्धमिान सोनू. | ||
| 942 | _cBOOK | ||
| 999 |
_c274746 _d274746 |
||